000 00577nam a2200169Ia 4500
008 090201s9999 xx 000 0 und d
010 _aKPL-49935
040 _bमराठी
041 _aमराठी
082 _a8601
_b49935
100 _aभीमराव कुलकर्णी
245 _aभाऊसाहेबांची बखर
_cभीमराव कुलकर्णी
260 _c2004
_bसिटी बुक स्टॉल
300 _a256
_bमोठा
600 _aभाऊसाहेबांची बखर
942 _cBOOK
999 _c209185
_d209185